Apéndice de documentos al juicio imparcial sobre el monitorio de Roma, publicado contra las regalias de Parma

Detalles Bibliográficos
Formato: Libro
Lenguaje:Spanish
Publicado: Madrid 1769
Materias:
Colección:Banco de datos
Acervo:Biblioteca de la Congregación del Oratorio de San Felipe Neri de México. Iglesia La Profesa
Descripción Física:[4] h., 10 p. f°
Tema general:Derecho eclesiástico
Notas:Portada tipográfica con viñeta y pleca en grabado xilográfico. Texto a renglón seguido con notas a pie de página. Incluye cabeceras de título en grabado xilográfico. Incluye capitulares floreadas en grabado xilográfico. Encuadernación en pergamino sobre cartón
LEADER 00883nam a22001810004500
035 |a 1621 
041 0 |a spa 
245 1 0 |a Apéndice de documentos al juicio imparcial sobre el monitorio de Roma, publicado contra las regalias de Parma 
260 |a Madrid  |b s.n.  |c 1769 
300 |a [4] h., 10 p.  |c f° 
500 |a Portada tipográfica con viñeta y pleca en grabado xilográfico. Texto a renglón seguido con notas a pie de página. Incluye cabeceras de título en grabado xilográfico. Incluye capitulares floreadas en grabado xilográfico. Encuadernación en pergamino sobre cartón 
501 |a 5 obras (2738-B)  
501 |a 4 obras (2791-B) 
650 1 0 |a Derecho eclesiástico 
949 |a Iglesia La Profesa, Biblioteca 2738-B, 2791-B 
942 |c PROFESA 
943 |g Biblioteca de la Congregación del Oratorio de San Felipe Neri de México. Iglesia La Profesa 
999 |c 948432  |d 948432